000 00359nam a2200169Ia 4500
001 18699
003 GE_BSU
008 181216s||||||||xx |||||||||||||| ||und||
040 _cGE_BSU
245 4 _aThe Economist.№9015 2016
245 _b12TH-18TH
260 _bEconomist
260 _c2016
300 _a78p;26cm.
653 _aThe Economist
942 _cCR
999 _c51708
_d51708